Sprite of C and data structures (Record no. 136363)

000 -LEADER
fixed length control field 00234nam a2200097Ia 4500
008 - FIXED-LENGTH DATA ELEMENTS--GENERAL INFORMATION
fixed length control field 220120s9999||||xx |||||||||||||| ||und||
082 ## - DEWEY DECIMAL CLASSIFICATION NUMBER
Classification number 005.1 BAN
100 ## - MAIN ENTRY--PERSONAL NAME
Personal name Banerjee
245 #0 - TITLE STATEMENT
Title Sprite of C and data structures
300 ## - PHYSICAL DESCRIPTION
Extent 375p.
Other physical details 0
Holdings
Withdrawn status Lost status Damaged status Not for loan Collection code Home library Current library Date acquired Barcode Date last seen Price effective from Koha item type
        Computer Science and Engineering Central Library Central Library 01/20/2022 GF222 01/20/2022 01/20/2022 Gift Books

Powered by Koha